Dependencia holística
Sparad:
| Huvudupphovsman: | |
|---|---|
| Materialtyp: | Text |
| Publicerad: |
Nuevo México:
IICLA
|
| Taggar: |
Lägg till en tagg
Inga taggar, Lägg till första taggen!
|
MARC
| LEADER | 00000 a a2200000 04500 | ||
|---|---|---|---|
| 001 | 23658 | ||
| 003 | |||
| 040 | |||
| 090 | |a 165500 | ||
| 100 | |a Packenham, Robert A. | ||
| 245 | |a Dependencia holística | ||
| 260 | |a Nuevo México: |b IICLA | ||
| 300 | |a 63 p. | ||
| 999 | |c 17282 |d 17282 | ||
